Statistiques concernant 10 plus jeunes buteurs de l'équipe de France

Cliquez ici pour prendre le quiz!

Statistiques générales

  • Ce quiz a été pris 167 fois
  • Le résultat moyen est 3 sur 10

Statistiques - réponses

ClassementÂgeJoueur% Correct
318 ans, 8 mois et 11 joursKylian Mbappé
99%
117 ans, 8 mois et 10 joursWarren Zaïre-Emery
52%
217 ans, 10 mois et 27 joursEduardo Camavinga
51%
1019 ans, 11 mois et 11 joursSamir Nasri
30%
719 ans, 6 mois et 26 joursNicolas Anelka
13%
919 ans, 9 mois et 17 joursKingsley Coman
2%
819 ans, 7 mois et 0 joursBruno Bellone
1%
419 ans et 14 joursDaniel Bravo
1%
619 ans, 3 mois et 9 joursKarim Benzema
1%
519 ans, 1 mois et 18 joursYannick Stopyra
1%

Distribution des résultats

Percentile par nombre de réponses

% des personnes avec chaque résultat

Votre développement - résultats

Vous n’avez pas pris ce quiz